|
|
|
|
| LEADER |
00000nam a22000007a 4500 |
| 005 |
2021121406216.0 |
| 007 |
cr|||| |||| |
| 008 |
211214s2020 br |||||s|||| 00||0 por d |
| 020 |
|
|
|a 978-85-8242-440-7
|
| 035 |
|
|
|a 35488
|
| 040 |
|
|
|a vLex
|
| 090 |
|
|
|c 12723
|d 12723
|
| 100 |
1 |
|
|a Roque, Andre
|
| 245 |
1 |
0 |
|a Cd̤igo de processo civil Lei 13.105/2015
|h [Recurso electrn̤ico] :
|b Atualizado at ̌as Leis 13.876/2019 e 13.894/2019 /
|c Andre Roque, Fernando Gajardoni, Luiz Dellore, Zulmar Duarte
|
| 256 |
|
|
|a Servicio en ln̕ea
|
| 260 |
|
|
|a Indaiatuba:
|b Editora Foco,
|c 2020
|
| 300 |
|
|
|a 1 recurso electrn̤ico
|
| 506 |
1 |
|
|a Disponible solo en los productos indicados
|d vLex Global
|d vLex Global (Academic Edition, excluding Law Schools)
|d vLex Global (U.S. Academic Edition, Law Schools)
|d vLex Global (U.S. Academic Edition, excluding Law Schools)
|d vLex Global (Academic Edition, Law Schools)
|
| 650 |
0 |
4 |
|a Derecho Civil
|z Brasil
|
| 700 |
1 |
|
|a Gajardoni, Fernando
|
| 700 |
1 |
|
|a Dellore, Luiz
|
| 700 |
1 |
|
|a Duarte, Zulmar
|
| 740 |
0 |
|
|a vLex Libros (Servicio en ln̕ea)
|
| 856 |
4 |
0 |
|u https://app.vlex.com/#/sources/35488
|z Acceso restringido
|
| 942 |
|
|
|c BOOK
|
| 999 |
0 |
|
|a Civil Law
|